000 01362cam a2200373 i 4500
003 EG-GICUC
005 20260223102410.0
008 040109m19989999nyu frb 000 0 eng d
020 _a1578230152
_qloose-leaf
020 _a9781578230150
_q(loose-leaf)
040 _aCUL
_cCUL
_dCUL
_dDLC
_dEG-GICUC
_beng
_erda
050 0 0 _aK2400
_b.S6334
082 0 4 _221
_a347.224
092 0 4 _221
099 _aLaw 12 1998
100 1 _aSmit, Hans.
245 1 0 _aNational arbitration laws /
_cH. Smit, V. Pechota.
_nVolume 1
264 _a[Yonkers, N.Y.] :
_bJuris Pub. ;
_a[London] :
_bSweet & Maxwell,
_c1998-
300 _a2 volumes (loose-leaf) ;
_c26 cm.
336 _atext
_2rdacontent
337 _aComputer
_2rdamedia
338 _aOnline Resource
_2rdacarrier
490 1 _aSmit's guides to international arbitration,
_x1050-3900 ;
_vunit 6
500 _aVolume 1 ( various paging )
504 _aIncludes bibliographical references.
650 0 _aArbitration and award.
650 0 _aInternational commercial arbitration.
700 1 _aPěchota, Vratislav.
785 0 0 _tNational arbitration laws.
_b2nd ed.
_z9781929446827
_w(DLC) 2010217905
_w(OCoLC)608102154
830 0 _aSmit's guides to international arbitration series ;
_vunit 6.
856 4 0 _uhttps://fll.law.cu.edu.eg/fulltext/bks/ENGB12-00009.pdf
905 _a10
942 _2ddc
_cBK
_e21
_n0
999 _c64033
_d64033